| 000 | 01263nam a22003617a 4500 | ||
|---|---|---|---|
| 003 | CHAP | ||
| 005 | 20220329133732.0 | ||
| 008 | 971013s1978 us a r 00010 eng d | ||
| 010 | _a10115 | ||
| 011 | _a11087 | ||
| 035 | _a10325 | ||
| 040 | _cCHAP | ||
| 082 | 0 | 4 |
_a589.23 _bB32 |
| 100 | 0 | 0 |
_aBacila, Metry _eed _99289 |
| 245 | 1 | _aBiochemistry and genetics of yeasts, pure and applied aspects; proceedings of the symposium... | |
| 260 |
_aNew York : _bAcademic Press, _c1978 |
||
| 300 |
_a594 p. _b: ilus. gráfs |
||
| 490 | _aAcademic press rapid manuscript reproduction | ||
| 590 |
_aBATCH-UPD _b10 _c20130109 _lUCH01 _h2327 |
||
| 590 |
_aBATCH-UPD _b10 _c20130110 _lUCH01 _h0257 |
||
| 590 |
_aBATCH-UPD _b10 _c20130110 _lUCH01 _h1329 |
||
| 590 |
_aBATCH-UPD _b10 _c20130409 _lUCH01 _h2329 |
||
| 590 |
_aBATCH-UPD _b10 _c20130914 _lUCH01 _h0514 |
||
| 590 |
_aCONVERSION _b10 _c20130109 _lUCH01 _h1306 |
||
| 650 | 1 | 4 |
_aLevaduras. _966401 |
| 650 | 1 | 4 |
_aLevaduras _xGenética. _966402 |
| 700 | 0 |
_aHorecker, Bernard Leonard _eed _956223 |
|
| 700 | 0 |
_aStoppani, Andres O. M. _eed _9109906 |
|
| 830 | 0 |
_aAcademic press rapid manuscript reproduction _9387 |
|
| 901 | _aBK | ||
| 942 | _cLIBRO | ||
| 949 |
_a589.23 B32 _bBC _cLIBRO _d33724000374039 _eLIBRO _h55698 _i10325 _si _t1.35 |
||
| 999 |
_c10115 _d10115 |
||